000 01285nam a2200337Ia 4500
001 ebr10662776
003 CaPaEBR
006 m u
007 cr cn|||||||||
008 110712s2010 nyua sb 001 0 eng d
010 _z 2011282947
020 _z9781612091075
020 _z9781616683382
020 _z1616683384
040 _aCaPaEBR
_cCaPaEBR
035 _a(OCoLC)704406438
050 1 4 _aHG4530
_b.R43 2010eb
245 0 4 _aThe recent trend of hedge fund strategies
_h[electronic resource] /
_cYasuaki Watanabe, editor.
260 _aNew York :
_bNova Science Publishers, Inc.,
_cc2010.
300 _aix, 207 p. :
_bill.
490 1 _aFinancial institutions and services
504 _aIncludes bibliographical references and index.
533 _aElectronic reproduction.
_bPalo Alto, Calif. :
_cebrary,
_d2013.
_nAvailable via World Wide Web.
_nAccess may be limited to ebrary affiliated libraries.
650 0 _aHedge funds.
650 0 _aHedge funds
_xManagement.
655 7 _aElectronic books.
_2local
700 1 _aWatanabe, Yasuaki.
710 2 _aebrary, Inc.
830 0 _aFinancial institutions and services.
856 4 0 _uhttp://site.ebrary.com/lib/rucke/Doc?id=10662776
_zAn electronic book accessible through the World Wide Web; click to view
999 _c70932
_d70932